000
00291nam a22001217a 4500
020
_a
3-540-15119-2
082
_a
004.1 SHI
100
_a
SHIRAL YOSHAIAKI
_9
65488
245
_a
THREE DIMENSIONAL COMPUTER VISION
260
_a
NEW YORK
_b
SPRINGER VERLAG
_c
1987
300
_a
296P
942
_c
BK
999
_c
573677
_d
573677